ბათუმის შოთა რუსთაველის სახელმწიფო უნივერსიტეტის ბიბლიოთეკა

ჩანაწერი Personal Name

ჩანაწერთა რაოდენობა, რომელიც გამოყენებულია: 5

001 - CONTROL NUMBER

  • control field: 7767

003 - CONTROL NUMBER IDENTIFIER

  • control field: GE_BSU

005 - DATE AND TIME OF LATEST TRANSACTION

  • control field: 20200319211922.0

008 - FIXED-LENGTH DATA ELEMENTS

  • fixed length control field: 200319|| aca||aabn | a|a d

040 ## - CATALOGING SOURCE

  • Original cataloging agency: GE_BSU
  • Transcribing agency: GE_BSU

100 ## - HEADING--PERSONAL NAME

  • Personal name: დანელია, კ.
  • Relator term: ტომის რედაქტორი

670 ## - SOURCE DATA FOUND

  • Source citation: Work cat.: (GE_BSU)52649: შანიძე, აკაკი. 5491, თხზულებანი თორმეტ ტომად = Сочинения в двенадцати томахტომი 2 : ქართული ენის სტრუქტურისა და ისტორიის საკითხები /